000 00713nam a22002297a 4500
008 130618b xxu||||| |||| 00| 0 eng d
020 _a0-521-65751-2
024 _cavailable
037 _a187
_favailable
040 _aMBSTU Library
_dMBSTU Library
082 _222
_a808.042 ROB
100 _aRodgers, Drew
245 _aBusiness Communications;international case studies in English
260 _aNew York
_bCambridge University
_c2002
300 _a16.5 cm
_b153 page
_g16.5 cm
600 _aRhetoric in English
700 _aRodgers, Drew
270 _aNew York
_bNew York
_dUSA
365 _b1388.00
_d1388.00
942 _2ddc
_cBK
999 _c486
_d486